[Event "Love to move"]
[Site "SchemingMind.com"]
[Date "2009.06.23"]
[Round "-"]
[White "BigDaddy"]
[Black "racy"]
[Result "0-1"]
[WhiteCountry "AUT"]
[BlackCountry "USA"]
[WhiteElo "1252"]
[WhiteRD "87"]
[BlackElo "1501"]
[BlackRD "98"]
[GameID "209861"]

1. e4 e5 2. Nf3 Nc6 3. Bb5 Nf6 4. Nc3 Bc5 5. O-O d6 6. d3 O-O 7. b3 Bg4 8. h3 Bxf3 9. Qxf3 Nd4 10. Qd1 c6
11. Bc4 d5 12. exd5 cxd5 13. b4 Bxb4 14. Nb5 dxc4 15. dxc4 a6 16. Nxd4 exd4 17. a3 Qb6 18. axb4 Rad8 19. Qe1 Rfe8 20. Qd2 Ne4
21. Qf4 g5 22. Qg4 f6 23. h4 Nc3 24. hxg5 Re4 25. Qg3 Ne2+
0-1

[Event "Love to move"]
[Site "SchemingMind.com"]
[Date "2009.06.29"]
[Round "-"]
[White "maro"]
[Black "racy"]
[Result "1-0"]
[WhiteCountry "MEX"]
[BlackCountry "USA"]
[WhiteElo "1328"]
[WhiteRD "52"]
[BlackElo "1482"]
[BlackRD "97"]
[GameID "209967"]

1. d4 Nf6 2. d5 g6 3. Nf3 h6 4. Nc3 d6 5. e4 e6 6. Bb5+ c6 7. dxc6 bxc6 8. e5 Nfd7 9. Ba4 d5 10. Nd4 Bg7
11. Nxc6 Nxc6 12. Bxc6 O-O 13. Bxa8 g5 14. Qd4 Qc7 15. O-O Ba6 16. Re1 Bxe5 17. Qd1 Nb6 18. Qh5 f6 19. Qg6+ Kh8 20. Qxh6+ Kg8
21. Bxg5 Kf7 22. Bxf6 Bxh2+ 23. Kh1 Bf4 24. Bg5 Ke8 25. Qxe6+ Qe7 26. Qxe7#
1-0

[Event "Love to move"]
[Site "SchemingMind.com"]
[Date "2009.06.29"]
[Round "-"]
[White "maro"]
[Black "Manfred Kraut"]
[Result "0-1"]
[WhiteCountry "MEX"]
[BlackCountry "GER"]
[WhiteElo "1328"]
[WhiteRD "52"]
[BlackElo "1408"]
[BlackRD "69"]
[GameID "209968"]

1. e3 e5 2. Bd3 g6 3. c3 Bg7 4. b3 d5 5. Ne2 e4 6. Bc2 Nf6 7. Ba3 Nbd7 8. d3 c5 9. b4 cxb4 10. Bxb4 exd3
11. Qxd3 a5 12. Ba3 Ne5 13. Ba4+ Bd7 14. Qc2 Nc4 15. O-O b5 16. Bxb5 Bxb5 17. Nd4 Nxa3 18. Nxa3 Bxf1 19. Nc6 Qd6 20. Qa4 O-O
21. Kxf1 Ne4 22. c4 Bxa1 23. cxd5 Nc3 24. Qc4 Qxa3 25. Ne7+ Kg7 26. Qd4+ f6 27. g3 Qc1+ 28. Kg2 Ne2 29. Qg4 Qg1+
0-1

[Event "Love to move"]
[Site "SchemingMind.com"]
[Date "2009.06.29"]
[Round "-"]
[White "maro"]
[Black "Shanks"]
[Result "0-1"]
[WhiteCountry "MEX"]
[BlackCountry "ENG"]
[WhiteElo "1292"]
[WhiteRD "48"]
[BlackElo "1466"]
[BlackRD "74"]
[GameID "209969"]

1. d4 d6 2. c4 Nf6 3. Nd2 g6 4. e3 Bg7 5. Bd3 O-O 6. e4 e5 7. dxe5 dxe5 8. c5 Qxd3 9. Ne2 Qd8 10. O-O c6
11. Qb3 Nbd7 12. Qc4 b6 13. b4 b5 14. Qb3 Bb7 15. Rd1 Qc7 16. Nf3 Nxe4 17. Be3 Nef6 18. Rd2 e4 19. Ng5 h6 20. Nh3 Rae8
21. Bf4 Qc8 22. Bd6 Nh7 23. Bxf8 Ndxf8 24. Rad1 Nf6 25. a4 a6 26. a5 Nd5 27. g3 Qxh3 28. f3 exf3 29. Qxf3 Qe6 30. Nf4 Nxf4
31. Qxf4 Qe3+ 32. Qxe3 Rxe3
0-1

[Event "Love to move"]
[Site "SchemingMind.com"]
[Date "2009.06.29"]
[Round "-"]
[White "maro"]
[Black "lapista59"]
[Result "0-1"]
[WhiteCountry "MEX"]
[BlackCountry "HUN"]
[WhiteElo "1328"]
[WhiteRD "52"]
[BlackElo "1390"]
[BlackRD "91"]
[GameID "209970"]

1. Nf3 e6 2. g3 b6 3. Bg2 Bb7 4. O-O h5 5. Nd4 h4 6. Bxb7 hxg3 7. Bxa8 Rxh2 8. Nf3 Rh3 9. fxg3 Bd6 10. Kg2 Rxg3+
11. Kf2 Qf6 12. Ke1 Rg2 13. Nc3 Bg3+ 14. Rf2 Rg1+
0-1

[Event "Love to move"]
[Site "SchemingMind.com"]
[Date "2009.06.29"]
[Round "-"]
[White "maro"]
[Black "andu"]
[Result "0-1"]
[WhiteCountry "MEX"]
[BlackCountry "AUT"]
[WhiteElo "1328"]
[WhiteRD "52"]
[BlackElo "1835"]
[BlackRD "49"]
[GameID "209971"]

1. d4 Nf6 2. d5 g6 3. Bg5 Bg7 4. Bxf6 Bxf6 5. c3 c6 6. b4 cxd5 7. Qxd5 Nc6 8. e3 Nxb4 9. cxb4 Bxa1 10. Bc4 e6
11. Qc5 b6 12. Qe5 Bxe5 13. Ne2 O-O 14. O-O a6 15. a4 Qc7 16. Na3 Bb2
0-1

[Event "Love to move"]
[Site "SchemingMind.com"]
[Date "2009.06.29"]
[Round "-"]
[White "maro"]
[Black "BigDaddy"]
[Result "1-0"]
[WhiteCountry "MEX"]
[BlackCountry "AUT"]
[WhiteElo "1348"]
[WhiteRD "47"]
[BlackElo "1265"]
[BlackRD "64"]
[GameID "209972"]

1. Nc3 d5 2. d4 Nf6 3. b3 e6 4. e3 Nc6 5. Bb5 a6 6. Bxc6+ bxc6 7. Na4 Be7 8. Nf3 O-O 9. O-O a5 10. Nc5 Bxc5
11. dxc5 h6 12. Ne5 Bb7 13. Bd2 Qe7 14. Nd3 Ne4 15. f3 Nxc5 16. Nxc5 Qxc5 17. a4 Ba6 18. Re1 Qd6 19. Bxa5 f5 20. f4 Qe7
21. Bc3 Qc5 22. Be5 Rac8 23. Bd4 Qe7 24. c4 Bb7 25. c5 g5 26. g4 fxg4 27. Qxg4 Qf7 28. fxg5 h5 29. Qg3 Qf2+ 30. Qxf2 Rxf2
31. Kxf2 Rf8+ 32. Bf6 Ba6 33. h4 e5 34. Kg2 e4 35. Kh2 Rf7 36. Rg1 Be2 37. Ra2 Bd3 38. Rf2 Ba6 39. g6 Rd7 40. g7 Bc8
41. Rg5 Rf7 42. Rxh5
1-0

[Event "Love to move"]
[Site "SchemingMind.com"]
[Date "2009.06.29"]
[Round "-"]
[White "racy"]
[Black "maro"]
[Result "1-0"]
[WhiteCountry "USA"]
[BlackCountry "MEX"]
[WhiteElo "1482"]
[WhiteRD "97"]
[BlackElo "1328"]
[BlackRD "52"]
[GameID "209973"]

1. e4 d5 2. exd5 Qxd5 3. Nc3 Qe6+ 4. Be2 Nf6 5. Nf3 Ne4 6. d3 Nxc3 7. bxc3 Qb6 8. h3 Bd7 9. Be3 c5 10. Rb1 Bb5
11. c4 Qa5+ 12. Bd2 Qxa2 13. cxb5 e6 14. Ra1 Qd5 15. c4 Qd6 16. Qa4 b6 17. Bc3 f6 18. Rd1 a5 19. bxa6+ Nc6 20. Rb1 Qc7
21. Rb5 Bd6 22. O-O O-O 23. Rfb1 Rfb8 24. d4 cxd4 25. Nxd4 Nxd4 26. Bxd4 Bc5 27. Bxc5 bxc5 28. Rxb8+ Rxb8 29. Rxb8+ Qxb8 30. a7 Qb1+
31. Kh2 h6 32. Qe8+ Kh7 33. Bh5
1-0

[Event "Love to move"]
[Site "SchemingMind.com"]
[Date "2009.06.29"]
[Round "-"]
[White "Manfred Kraut"]
[Black "maro"]
[Result "1-0"]
[WhiteCountry "GER"]
[BlackCountry "MEX"]
[WhiteElo "1408"]
[WhiteRD "69"]
[BlackElo "1328"]
[BlackRD "52"]
[GameID "209974"]

1. d4 d5 2. Nf3 Nc6 3. e3 e6 4. Bd3 Bb4+ 5. c3 Be7 6. O-O Bf6 7. Nbd2 Nge7 8. c4 dxc4 9. Nxc4 O-O 10. Bc2 Bd7
11. e4 e5 12. d5 Nd4 13. Nxd4 exd4 14. Re1 Ng6 15. e5 Nxe5 16. Nxe5 Bxe5 17. Rxe5 Re8 18. Qxd4 Rxe5 19. Qxe5 Qh4 20. Bf4 Re8
21. Qxc7 Bc8 22. g3 Qg4 23. Bb3 g6 24. d6 g5 25. Qxf7+
1-0

[Event "Love to move"]
[Site "SchemingMind.com"]
[Date "2009.06.29"]
[Round "-"]
[White "Shanks"]
[Black "maro"]
[Result "1-0"]
[WhiteCountry "ENG"]
[BlackCountry "MEX"]
[WhiteElo "1508"]
[WhiteRD "70"]
[BlackElo "1331"]
[BlackRD "48"]
[GameID "209975"]

1. d4 d5 2. c3 Qd6 3. e3 e5 4. a3 e4 5. Nd2 Be7 6. c4 dxc4 7. Nxc4 Qd5 8. Nd2 Nf6 9. g3 Bg4 10. Ne2 Bf3
11. Nxf3 exf3 12. Nf4 Qc6 13. Nd3 Nbd7 14. b3 Ne4 15. Bb2 Nc3 16. Qc1 Bc5 17. Bxc3 Bxd4 18. exd4 O-O-O 19. Kd2 Nf6 20. Bh3+ Nd7
21. Kc2 Rhe8 22. Kb1 Qe4 23. Qe3 Qxe3 24. fxe3 Rxe3 25. Kc2 Re2+ 26. Bd2 g6 27. Ne5 f5 28. Nxf3 Nf6 29. Rhe1 Rde8 30. Rxe2 Rxe2
31. Bf1 Rf2 32. Ne5 Ne4 33. Rd1 Rxh2 34. Nf3 Rf2 35. Ne5 Nxg3 36. Bc4 c6 37. Be6+ Kc7 38. Nd3 Rf3 39. d5 cxd5 40. Bxd5
1-0

[Event "Love to move"]
[Site "SchemingMind.com"]
[Date "2009.06.29"]
[Round "-"]
[White "lapista59"]
[Black "maro"]
[Result "0-1"]
[WhiteCountry "HUN"]
[BlackCountry "MEX"]
[WhiteElo "1390"]
[WhiteRD "91"]
[BlackElo "1328"]
[BlackRD "52"]
[GameID "209976"]

1. e3 e5 2. Bc4 d5 3. Bb3 Nf6 4. Nc3 c6 5. h3 Bb4 6. g4 O-O 7. g5 Ne4 8. Nxe4 dxe4 9. Qe2 Qxg5 10. Qf1 Be6
11. h4 Qh5 12. Rh2 Bg4 13. Qc4 Be7 14. Qxe4 Bxh4 15. a4 Bxf2+ 16. Rxf2 g6 17. a5 Na6 18. Qd3 Nb4 19. Qd7 Bxd7 20. Nf3 Qh1+
21. Rf1 Qg2 22. Nxe5 Qg3+ 23. Rf2 Qxe5 24. Ra4 c5 25. d4 cxd4 26. Rxb4 dxe3 27. Re2 Qg3+ 28. Kd1 Qg1+ 29. Re1 Bg4+ 30. Rxg4 Qxg4+
31. Re2 Rad8+ 32. Ke1 Qh4+ 33. Kf1 Rd1+ 34. Kg2 Qg4+ 35. Kh2 Qxe2+ 36. Kg3 g5 37. Kh3 Rh1+ 38. Kg3 Qf2+ 39. Kg4 Qf4#
0-1

[Event "Love to move"]
[Site "SchemingMind.com"]
[Date "2009.06.29"]
[Round "-"]
[White "andu"]
[Black "maro"]
[Result "1-0"]
[WhiteCountry "AUT"]
[BlackCountry "MEX"]
[WhiteElo "1835"]
[WhiteRD "49"]
[BlackElo "1328"]
[BlackRD "52"]
[GameID "209977"]

1. e4 e5 2. f4 exf4 3. Nf3 Qe7 4. Nc3 d5 5. e5 Bf5 6. Nxd5 Qc5 7. c4 Be7 8. d4 Qa5+ 9. Bd2 Qa6 10. Nxc7+ Kf8
11. Nxa6 Nxa6 12. Bxf4 Bb4+ 13. Bd2 Bxd2+ 14. Qxd2 Ne7 15. Bd3 Rc8 16. Rf1 g6 17. Bxf5 Nxf5 18. g4
1-0

[Event "Love to move"]
[Site "SchemingMind.com"]
[Date "2009.06.29"]
[Round "-"]
[White "BigDaddy"]
[Black "maro"]
[Result "0-1"]
[WhiteCountry "AUT"]
[BlackCountry "MEX"]
[WhiteElo "1240"]
[WhiteRD "77"]
[BlackElo "1331"]
[BlackRD "48"]
[GameID "209978"]

1. e4 Nf6 2. e5 Nd5 3. d4 e6 4. c4 Nb4 5. a3 N4c6 6. Nc3 d6 7. Nf3 d5 8. c5 Be7 9. Be2 b6 10. b4 b5
11. Bxb5 Bd7 12. h3 a6 13. Bxc6 Nxc6 14. Nd2 Nxd4 15. O-O Bh4 16. g3 Bg5 17. h4 Bxd2 18. Bxd2 Bb5 19. Re1 Nf3+ 20. Qxf3 Bc4
21. Bg5 f6 22. Be3 d4 23. Bxd4 Qxd4 24. Ne2 Bxe2 25. Rxe2 Qxa1+ 26. Kg2 O-O 27. Rd2 fxe5 28. Rd1 Qb2 29. Qd3 Qxf2+ 30. Kh3 Rf3
31. Qd2 Qxg3#
0-1